Heathens (Suicide Squad) - 21 Pilots lyrics - Statistics

General Stats
  • This quiz has been taken 185 times
  • The average score is 276 of 337
Answer Stats
Answer % Correct
a
100%
All
100%
all
100%
are
100%
friends
100%
heathens
100%
my
100%
take
100%
you
100%
you?"
100%
I
99%
it
99%
it)
99%
the
99%
to
99%
don't
98%
for
98%
know
98%
slow
98%
them
98%
who
98%
ask
97%
of
97%
wait
96%
half
95%
make
95%
abuse
94%
any
94%
please
94%
sudden
92%
moves
91%
we
85%
We
85%
next
79%
sitting
78%
be
74%
they
74%
forget
72%
murderer
72%
one
72%
people
71%
Welcome
71%
after
69%
have
69%
just
68%
said
68%
away
65%
get
64%
mean
64%
psychopath
64%
day
62%
room
62%
that
61%
will
61%
hand
60%
I've
60%
because
59%
your
59%
loved
58%
never
58%
change
57%
guns
57%
"How
56%
say
56%
at
55%
can
55%
doesn't
55%
from
55%
think
55%
brains
54%
but
53%
door
53%
grenades
53%
our
53%
smell
53%
check
52%
not
52%
you'll
52%
us
49%
certain
48%
here
47%
well
46%
and
44%
did
43%
intentions
43%
docked
42%
mention
41%
outside
41%
trust
41%
(Watch
41%
issues
40%
deal
39%
newcomers
39%
rooms
38%
some
38%
with
38%
like
37%
might
37%
verry
37%
weird
35%
"How'd
34%
outsiders
34%
freakshow
32%
looks
32%
should
31%
stay
31%
now
30%
come?
27%
knew
27%
tried
26%
warn
26%
stayed
25%
ready
24%
yeah
24%
they're
23%
bust
21%
Why'd
21%
No matching quizzes found
Score Distribution
Percent of People with Each Score
Percentile by Number Answered
Your Score History
You have not taken this quiz